| 000 | 00352nam a22001097a 4500 | ||
|---|---|---|---|
| 008 | 230621b xxu||||| |||| 00| 0 eng d | ||
| 082 |
_a328.3 _bCPA |
||
| 245 | _aReport of the Executive Committee 1981-82 and Proceedings of the General Assembly The Bahamas,1982 | ||
| 260 |
_aUK _bCommonwealth Parliamentary Association |
||
| 300 | _a129p | ||
| 942 |
_2ddc _cBK |
||
| 999 |
_c2095 _d2095 |
||